000 00271nam a2200121 a 4500
008 100916s1977|||| d
100 1 _aJesenský, Janko
245 1 0 _aPoézia
260 _bTatran
_aBratislava
_c1977
044 _axo
_cSK
041 _aslo
020 _c32,50
999 _c10387
_d10387